000 00906nam a2200253Ia 4500
003 OSt
005 20220923211701.0
006 a|||||r|||| 00| 0
007 ta
008 220922b |||||||| |||| 00| 0 hin d
024 _a42,866
037 _cTextual
040 _aARTS
_cARTS
_bhin
041 _2hin
_ahin
082 _aO15,2D35,16, 152L8
100 _aभास; सत्यपाल रणदेव; चड्ढा, सत्यपाल
_9161314
245 0 _aदूतवाक्यम्
246 _aDūtavākyam
260 _aजालन्धर
_b भारतीय संस्कृत भवन
_c1978
300 _a118पृ.
_ccm.
650 _aसंस्कृत साहित्य
942 _hO15,2D35,16, 152L8
_cTEXL
_2CC
999 _c302572
_d302572